00333 a2200109 4500020001600000082001500016110002500031245006200056260003800118300002700156650004000183 a84959381111 a708bC115i aCabildo de Lanzarote aInterpretacion de las Vanguardiasb(tecnicas Molas Kunas) aPanamabTaller de Portobeloc2002 a55 pbill (col)c21 cm xcatalogoxexhibicionxtejidos kunas